Súčasná americká literatúra Výber literatúry z fondu okresnej knižnice Senica
| Format: | Book |
|---|---|
| Language: | Slovak |
| Published: |
Senica
Okresná knižnica
1992
|
MARC
| LEADER | 00000nam a2200000 a 4500 | ||
|---|---|---|---|
| 001 | vtls001215591 | ||
| 003 | SK-MaSNL | ||
| 005 | 20260223212948.0 | ||
| 008 | 180126s1992 xo 0 slo | ||
| 035 | |a SNK000158681 | ||
| 040 | |a SNK |b slo |c SNK |e AACR2 | ||
| 044 | |a xo |c SK | ||
| 245 | 1 | |a Súčasná americká literatúra |b Výber literatúry z fondu okresnej knižnice Senica | |
| 260 | |a Senica |b Okresná knižnica |c 1992 | ||
| 999 | |c 710463 |d 712393 | ||
| 952 | |t P60, <04>, [BOOK], {604} |a SNK |b SNK |y VYP |7 0 |p 17A0206776 |o snkOSB 9588 D1 |0 0 |1 0 |4 0 |d 1999-08-12 |l 0 |r 2005-01-01 00:00:00 |w 2026-02-23 | ||


